[Event "RSA-ch U14"]
[Site "Gauteng"]
[Date "2017.04.09"]
[Round "8"]
[White "Hyman, Daniel"]
[Black "Nhlapo, Xolani"]
[Result "0-1"]
[WhiteElo "1382"]
[BlackElo "1292"]
[PlyCount "58"]
[EventDate "2017.04.05"]
[EventType "swiss"]
[EventRounds "11"]
[EventCountry "RSA"]
[SourceTitle "CBM 177 Extra"]
[Source "ChessBase"]
[SourceDate "2017.04.27"]
[SourceVersion "1"]
[SourceVersionDate "2017.04.27"]
[SourceQuality "1"]

1. e4 c5 2. Nc3 e6 3. g3 Nc6 4. Bg2 Be7 5. Nge2 Nf6 6. 0-0 0-0 7. d3 a6 8. f4 Qc7 9. Kh1 d6 10. h3 Rb8 11. g4 b5 12. Ng3 Nd4 13. Nce2 Bb7 14. Nxd4 cxd4 15. Bd2 e5 16. f5 d5 17. g5 Nd7 18. f6 gxf6 19. gxf6 Nxf6 20. Bh6 Kh8 21. Bxf8 Rxf8 22. Qd2 Rg8 23. Nf5 dxe4 24. dxe4 Nxe4 25. Qe2 Rxg2 26. Kxg2 Nc3+ 27. Kf2 Nxe2 28. Kxe2 Qxc2+ 29. Ke1 Bb4# 0-1

[Event "RSA-ch U14"]
[Site "Gauteng"]
[Date "2017.04.08"]
[Round "6"]
[White "Mazibuko, Buhle"]
[Black "Hyman, Daniel"]
[Result "1-0"]
[WhiteElo "1262"]
[BlackElo "1382"]
[PlyCount "65"]
[EventDate "2017.04.05"]
[EventType "swiss"]
[EventRounds "11"]
[EventCountry "RSA"]
[SourceTitle "CBM 177 Extra"]
[Source "ChessBase"]
[SourceDate "2017.04.27"]
[SourceVersion "1"]
[SourceVersionDate "2017.04.27"]
[SourceQuality "1"]

1. e4 d5 2. exd5 Nf6 3. h3 Nxd5 4. Nf3 Nc6 5. Bb5 Qd6 6. d4 Qb4+ 7. Nbd2 Qxb5 8. c4 Qa5 9. cxd5 Qxd5 10. 0-0 g6 11. Nb3 Bg7 12. Re1 0-0 13. Bg5 Re8 14. Bf4 Qd8 15. Qd2 e6 16. Rac1 Bf8 17. a3 Bd6 18. Nc5 Bxf4 19. Qxf4 Qd6 20. Qxd6 cxd6 21. Ne4 Rd8 22. d5 Ne7 23. dxe6 fxe6 24. Neg5 e5 25. Rc7 Bd7 26. Ne4 Rac8 27. Rxb7 Rb8 28. Rxd7 Rxd7 29. Nf6+ Kf7 30. Nxd7 Rd8 31. Ng5+ Kg8 32. Nf6+ Kg7 33. Ne6+ 1-0

[Event "RSA-ch U14"]
[Site "Gauteng"]
[Date "2017.04.07"]
[Round "4"]
[White "Hyman, Daniel"]
[Black "Dinham, James"]
[Result "0-1"]
[WhiteElo "1382"]
[BlackElo "1351"]
[PlyCount "58"]
[EventDate "2017.04.05"]
[EventType "swiss"]
[EventRounds "11"]
[EventCountry "RSA"]
[SourceTitle "CBM 177 Extra"]
[Source "ChessBase"]
[SourceDate "2017.04.27"]
[SourceVersion "1"]
[SourceVersionDate "2017.04.27"]
[SourceQuality "1"]

1. e4 c5 2. Nc3 d6 3. d4 cxd4 4. Qxd4 a6 5. Nd5 Nd7 6. Nf3 e6 7. Nc3 Ngf6 8. Bg5 Be7 9. 0-0-0 0-0 10. Be2 e5 11. Qd2 b5 12. h4 h6 13. Bxf6 Nxf6 14. Nd5 Nxe4 15. Qe3 Nc5 16. Nxe5 Bb7 17. Nxe7+ Qxe7 18. Ng4 Qxe3+ 19. Nxe3 Rad8 20. Nd5 Rfe8 21. Bf3 Ne4 22. Rhf1 Re5 23. Bxe4 Rxe4 24. Rh1 Re2 25. Rhf1 Rc8 26. Ne3 Bxg2 27. Nxg2 Rcxc2+ 28. Kb1 Rxb2+ 29. Kc1 Rec2# 0-1

[Event "RSA-chT U14"]
[Site "Cape Town"]
[Date "2016.01.05"]
[Round "4.6"]
[White "Hyman, Daniel"]
[Black "Moodley, Karmishta"]
[Result "1-0"]
[WhiteElo "1183"]
[BlackElo "1477"]
[PlyCount "35"]
[EventDate "2016.01.04"]
[EventType "team-tourn"]
[EventRounds "7"]
[EventCountry "RSA"]
[SourceTitle "CBM 170 Extra"]
[Source "ChessBase"]
[SourceDate "2016.02.25"]
[SourceVersion "1"]
[SourceVersionDate "2016.02.25"]
[SourceQuality "1"]
[WhiteTeam "Johannesburg Metro"]
[BlackTeam "Ethekwini"]
[WhiteTeamCountry "RSA"]
[BlackTeamCountry "RSA"]

1. e4 e5 2. Nf3 Nc6 3. d4 exd4 4. Nxd4 Bc5 5. Nb3 Bb6 6. Nc3 Nge7 7. Qe2 0-0 8. Be3 Bxe3 9. Qxe3 d6 10. f3 Ng6 11. Be2 Re8 12. 0-0-0 Nce5 13. Nd4 Nh4 14. Rhg1 Be6 15. Nxe6 Rxe6 16. f4 Nc6 17. Bd3 Qe8 18. Qf2 1-0

[Event "RSA-ch U12"]
[Site "Waterkloof"]
[Date "2015.04.07"]
[Round "5"]
[White "Schoeman, Ewald"]
[Black "Hyman, Daniel"]
[Result "1-0"]
[WhiteElo "1346"]
[BlackElo "1208"]
[PlyCount "105"]
[EventDate "2015.04.04"]
[EventType "swiss"]
[EventRounds "9"]
[EventCountry "RSA"]
[SourceTitle "CBM 166 Extra"]
[Source "ChessBase"]
[SourceDate "2015.06.18"]
[SourceVersion "1"]
[SourceVersionDate "2015.06.18"]
[SourceQuality "1"]

1. e4 c5 2. Nf3 e6 3. d3 Nc6 4. Nbd2 d5 5. g3 Bd6 6. Bg2 Nge7 7. 0-0 0-0 8. Re1 Qc7 9. Nf1 b5 10. h4 Bb7 11. N1h2 a5 12. Qe2 Qd7 13. Bh3 Qd8 14. h5 a4 15. Ng4 Qb8 16. h6 Be5 17. Nfxe5 Nxe5 18. Bf4 N7g6 19. Nxe5 Nxe5 20. exd5 f6 21. Bxe6+ Kh8 22. hxg7+ Kxg7 23. Bxe5 fxe5 24. Qxe5+ Qxe5 25. Rxe5 Kf6 26. Rf5+ Ke7 27. Rxf8 Rxf8 28. Re1 Kd6 29. f4 Bxd5 30. Bxd5 Kxd5 31. Re5+ Kd6 32. Kf2 Rf6 33. Rh5 h6 34. Kf3 b4 35. Ke4 Rg6 36. f5 Ke7 37. fxg6 Kf6 38. Rxh6 Kg7 39. Kf5 Kxh6 40. Kf6 c4 41. dxc4 b3 42. axb3 axb3 43. cxb3 Kh5 44. g7 Kg4 45. g8Q+ Kf3 46. Qd5+ Kxg3 47. Qf5 Kg2 48. Qf4 Kh1 49. Qg4 Kh2 50. Kf5 Kh1 51. Kf4 Kh2 52. Kf3 Kh1 53. Qg2# 1-0

[Event "RSA-ch U12"]
[Site "Waterkloof"]
[Date "2015.04.06"]
[Round "3"]
[White "Hyman, Daniel"]
[Black "Katz, Sasha"]
[Result "0-1"]
[WhiteElo "1208"]
[BlackElo "1220"]
[PlyCount "104"]
[EventDate "2015.04.04"]
[EventType "swiss"]
[EventRounds "9"]
[EventCountry "RSA"]
[SourceTitle "CBM 166 Extra"]
[Source "ChessBase"]
[SourceDate "2015.06.18"]
[SourceVersion "1"]
[SourceVersionDate "2015.06.18"]
[SourceQuality "1"]

1. e4 c5 2. Nf3 Nc6 3. Nc3 g6 4. d4 cxd4 5. Nxd4 Bg7 6. Nxc6 bxc6 7. Be2 Nf6 8. 0-0 0-0 9. f4 e6 10. Qe1 d5 11. e5 Qb6+ 12. Kh1 Nd7 13. Qg3 Ba6 14. h4 Bxe2 15. Nxe2 Rfc8 16. Qg4 Re8 17. h5 Qd8 18. hxg6 fxg6 19. Nd4 Qc8 20. Qh3 Nc5 21. g4 Nd7 22. Rf2 Nf8 23. Bd2 Qb7 24. b3 c5 25. Nf3 d4 26. Kg1 Rac8 27. Re1 Red8 28. Ng5 c4 29. Ne4 Rc6 30. Nd6 Qa6 31. f5 exf5 32. Nxc4 fxg4 33. Qxg4 Re6 34. Kh2 Qc8 35. Nd6 Bxe5+ 36. Rxe5 Rexd6 37. Qxc8 Rxc8 38. Rxf8+ Rxf8 39. Bb4 Rf2+ 40. Kg3 Rdf6 41. Re8+ Kg7 42. Re7+ Kh6 43. Rxa7 R6f3+ 44. Kg4 Rf4+ 45. Kg3 g5 46. a4 d3 47. Bd6 R4f3+ 48. Kg4 d2 49. Ra6 Rf6 50. Bf8+ Kg6 51. Ra7 d1Q+ 52. Kh3 Qf3# 0-1

[Event "RSA-ch U12"]
[Site "Waterkloof"]
[Date "2015.04.04"]
[Round "1"]
[White "Hyman, Daniel"]
[Black "Adams, Seth Riley"]
[Result "0-1"]
[WhiteElo "1208"]
[BlackElo "1601"]
[PlyCount "124"]
[EventDate "2015.04.04"]
[EventType "swiss"]
[EventRounds "9"]
[EventCountry "RSA"]
[SourceTitle "CBM 166 Extra"]
[Source "ChessBase"]
[SourceDate "2015.06.18"]
[SourceVersion "1"]
[SourceVersionDate "2015.06.18"]
[SourceQuality "1"]

1. e4 c5 2. Nf3 g6 3. d4 cxd4 4. Qxd4 Nf6 5. Nc3 Nc6 6. Qa4 e5 7. Bb5 Bd6 8. Bg5 h6 9. 0-0-0 hxg5 10. Rxd6 Qe7 11. Rd2 g4 12. Ng1 Qc5 13. Nge2 a6 14. h4 gxh3 15. Rxh3 Rxh3 16. gxh3 Qxf2 17. Nd4 Qg1+ 18. Rd1 Qg5+ 19. Kb1 Nxd4 20. Bc4 Rb8 21. Qb4 Ra8 22. Qd6 Ne6 23. Na4 Nxe4 24. Qd5 Nf2 25. Rf1 Qe3 26. Qd6 Ne4 27. Qd1 Nd2+ 28. Ka1 Nxf1 29. Qxf1 Nf4 30. Nc3 Qxh3 31. Qf2 Qh1+ 32. Nb1 Qc6 33. Nd2 b5 34. Bb3 Bb7 35. Qe3 d6 36. c3 Qh1+ 37. Nb1 Be4 38. Bd1 Qxd1 39. Qxe4 Qd5 40. Qe1 Nd3 41. Qh4 Kd7 42. c4 Qxc4 43. Qxc4 bxc4 44. Na3 d5 45. Nb1 Rb8 46. b3 cxb3 47. axb3 Rxb3 48. Nd2 Rb2 49. Nb1 Rc2 50. Na3 Rh2 51. Nb1 Nb4 52. Nc3 Rc2 53. Na4 Ra2+ 54. Kb1 Rxa4 55. Kc1 Ra2 56. Kd1 e4 57. Ke1 e3 58. Kf1 Rd2 59. Ke1 Nd3+ 60. Kf1 Rf2+ 61. Kg1 e2 62. Kh1 e1Q# 0-1